| 000 | 01058nam a22002537a 4500 | ||
|---|---|---|---|
| 999 |
_c13538 _d13538 |
||
| 003 | AR-CdUCM | ||
| 008 | 190415b ||||| |||| 00| 0 spa d | ||
| 040 |
_aMUNICIPALIDAD PROVINCIAL DEL CUSCO _cBIBLIOTECA MUNICIPAL DEL CUSCO |
||
| 082 |
_a985.612 / _bG24 |
||
| 100 |
_aGarcía, José Uriel _93684 |
||
| 245 |
_aMachu Picchu, un centro incaico de trabajo femenino : _bdocumento de piedra para la historia de los incas / |
||
| 260 |
_aCusco : _bInstituto Americano de Arte del Cusco, _c2011. |
||
| 300 |
_a99 páginas ; _bIlustraciones, _c23 cm. |
||
| 505 | _aContenidos: Machu-Picchu, un centro incaico de trabajo femenino Documento de piedra para la historia de los incas. | ||
| 650 |
_aSantuario Histórico de Machu Picchu _96214 |
||
| 650 |
_aÉpoca Prehispánica _92714 |
||
| 650 |
_aAspectos sociales _9262 |
||
| 650 |
_aMujeres _93760 |
||
| 650 |
_aPerú _935 |
||
| 710 |
_aInstituto Americano de Arte (Cusco) _931997 |
||
| 710 |
_aSociedad Pro Cultura Clorinda Matto de Turner (Cusco) _931998 |
||
| 942 |
_2ddc _cLIBROS |
||
| 945 |
_aacv _d2019-04-15 |
||